Statistics for MLS Soccer Teams

Click here to take the quiz!

General Stats

  • This quiz has been taken 65,102 times
    (19,761 since last reset)
  • The average score is 18 of 29

Answer Stats

Team% Correct
Inter Miami CF
87%
LA Galaxy
85%
New York City FC
84%
Los Angeles FC
81%
Seattle Sounders FC
75%
Chicago Fire
72%
FC Dallas
70%
Houston Dynamo
70%
Atlanta United
67%
Portland Timbers
65%
Orlando City SC
64%
Philadelphia Union
63%
Toronto FC
63%
New York Red Bulls
60%
Austin FC
57%
Columbus Crew
57%
D.C. United
57%
Vancouver Whitecaps FC
56%
Nashville SC
54%
Real Salt Lake
54%
FC Cincinnati
53%
Charlotte FC
52%
Sporting Kansas City
52%
CF Montréal
51%
New England Revolution
49%
San Jose Earthquakes
49%
Colorado Rapids
48%
Minnesota United
46%
St. Louis City SC
44%

Score Distribution

Percentile by Number Answered

Percent of People with Each Score

Your Score History

You have not taken this quiz since the last reset